Online
Catalog
Normal view MARC view

Entry Término temático

Number of records used in: 2

001 - NÚMERO DE CONTROL

  • campo de control: 81224

003 - IDENTIFICADOR DEL NÚMERO DE CONTROL

  • campo de control: DO-SdBNP

005 - FECHA Y HORA DE LA ÚLTIMA TRANSACCIÓN

  • campo de control: 20220211110145.0

008 - DATOS DE LONGITUD FIJA

  • campo de control de longitud fija: 220211|| aca||aabn | a|a d

040 ## - FUENTE DE LA CATALOGACIÓN

  • Centro catalogador/agencia de origen: DO-SdBNP
  • Centro/agencia transcriptor: DO-SdBNP

150 ## - ENCABEZAMIENTO--TÉRMINO DE MATERIA

  • Término de materia o nombre geográfico como elemento de entrada: Ideas políticas
  • Subdivisión general: Martí, José
  • Subdivisión geográfica: Cuba

670 ## - FUENTE DE DATOS ENCONTRADOS

  • Cita de la fuente: Work cat.: (DO-SdBNP): 41278 Roig de Leuchsenring, Emilio, 1889-1964, El internacionalismo antimperialista en la obra político revolucionaria de José Martí /, 1935.

Powered by Koha